Financing automobile sales by the time-payment plan /

Bibliographic Details
Main Author: Grimes, William A.
Corporate Author: Chicago Trust Company
Format: Book
Language:English
Published: Chicago, New York : London : A.W. Shaw company; A.W. Shaw and company, limited, 1926.
Subjects:

MARC

Tag First Indicator Second Indicator Subfields
LEADER 00000cam a2200000 4500
001 in00000079461
005 20151008052850.0
008 780124s1926 ilu b 00000 eng
010 |a  26023661  
035 |a (OCoLC)03577811 
035 |9 AAH5226AM 
040 |a DLC  |c TLM  |d TXA  |d UtOrBLW 
049 |a TXAM  |c [36222] 
050 0 |a HD9710.U52  |b G75 
092 |a 332.7  |b G86f 
100 1 |a Grimes, William A. 
245 1 0 |a Financing automobile sales by the time-payment plan /  |c by William A. Grimes ... 
264 1 |a Chicago,  |a New York :  |b A.W. Shaw company;  |a London :  |b A.W. Shaw and company, limited,  |c 1926. 
300 |a x, 116 pages ;  |c 22 cm. 
336 |a text  |b txt  |2 rdacontent 
337 |a unmediated  |b n  |2 rdamedia 
338 |a volume  |b nc  |2 rdacarrier 
500 |a "Prize monograph, Chicago trust company prizes for research relating to the financing of business enterprises (1925 award--first prize)" 
504 |a Bibliography: pages 111-112. 
650 0 |a Automobile industry and trade  |x Finance. 
650 0 |a Credit  |z United States. 
650 0 |a Installment plan. 
710 2 |a Chicago Trust Company. 
999 |a MARS 
999 f f |s 1a3d1e29-829a-37b1-bf9f-7fd890486594  |i 69790088-d318-30dc-95da-bfb0f0c1859c  |t 0 
952 f f |p ric  |a Texas A&M University  |b Rellis Campus  |c Joint Library Facility  |d Remote Storage  |t 0  |e HD9710.U52 G75  |h Library of Congress classification  |i unmediated -- volume  |m A14800737816 
998 f f |a HD9710.U52 G75  |t 0  |l Remote Storage